000 00353cam a2200145ua 4500
041 _aeng
_h
082 _a821
_bMON/TW
100 _aMonro, Harold .
245 0 0 _aTwentieth Century Poetry /
_cHarold Monro.
_hTextual Documents
260 _aLondon :
_bChatto and winds ,
_c1950.
300 _a267 ; .
504 _a
942 _cBK
999 _c829
_d829